[Event "2016 Frome Open"]
[Site "Frome ENG"]
[Date "2016.05.15"]
[Round "4.1"]
[White "Crockart, Scott A"]
[Black "Kett, Timothy J"]
[Result "0-1"]
[WhiteElo "2100"]
[BlackElo "2184"]
[PlyCount "40"]
[EventDate "2016.05.13"]

1. d4 Nf6 2. c4 e6 3. Nc3 Bb4 4. e3 O-O 5. Nge2 d5 6. a3 Be7 7. cxd5 exd5 8.
Nf4 b6 9. Bd3 Ba6 10. O-O Bxd3 11. Qxd3 c6 12. f3 Bd6 13. e4 Bxf4 14. Bxf4 Nbd7
15. Bd6 Re8 16. e5 Nh5 17. Qf5 g6 18. Qg4 Ng7 19. Nd1 Nf5 20. Bb4 c5 0-1

[Event "2016 Frome Open"]
[Site "Frome ENG"]
[Date "2016.05.15"]
[Round "4.3"]
[White "Harman, Kenneth B"]
[Black "Schmitz, Andreas Arnold"]
[Result "1/2-1/2"]
[WhiteElo "2166"]
[BlackElo "2024"]
[PlyCount "53"]
[EventDate "2016.05.13"]

1. Nf3 Nf6 2. c4 c5 3. Nc3 b6 4. g3 Bb7 5. Bg2 g6 6. O-O Bg7 7. d4 cxd4 8. Nxd4
Bxg2 9. Kxg2 Nc6 10. Nc2 Na5 11. Ne3 Qc7 12. Qd3 Qc6+ 13. Kg1 Rc8 14. b3 d5 15.
Ncxd5 e6 16. Nxf6+ Bxf6 17. Rb1 O-O 18. Bb2 Bxb2 19. Rxb2 Rfd8 20. Qb1 Rd6 21.
Rd1 Rcd8 22. Rd3 Rxd3 23. exd3 Qf3 24. Rd2 Nc6 25. Qf1 Ne5 26. d4 Qe4 27. Rd1
1/2-1/2

[Event "2016 Frome Open"]
[Site "Frome ENG"]
[Date "2016.05.15"]
[Round "4.4"]
[White "Payne, Matthew J"]
[Black "Orgler, Philipp"]
[Result "1-0"]
[WhiteElo "2023"]
[BlackElo "2132"]
[PlyCount "39"]
[EventDate "2016.05.13"]

1. e4 e6 2. d4 d5 3. Nc3 Nc6 4. Nf3 Nf6 5. e5 Ne4 6. Bd3 Bb4 7. O-O Nxc3 8.
bxc3 Bxc3 9. Rb1 Bb4 10. Ng5 g6 11. Qg4 Be7 12. c3 Na5 13. h4 c5 14. h5 Bxg5
15. Bxg5 Qc7 16. Qf3 f5 17. exf6 Kf7 18. Bf4 Qd8 19. hxg6+ hxg6 20. Bxg6+ 1-0

[Event "2016 Frome Open"]
[Site "Frome ENG"]
[Date "2016.05.15"]
[Round "4.5"]
[White "Paterson, Andrew I"]
[Black "Richmond, Jane"]
[Result "0-1"]
[WhiteElo "2016"]
[BlackElo "2123"]
[PlyCount "42"]
[EventDate "2016.05.13"]

1. c4 e5 2. Nc3 Nc6 3. g3 g6 4. Bg2 Bg7 5. Rb1 f5 6. b4 e4 7. Nd5 Nf6 8. Bb2
O-O 9. d3 d6 10. dxe4 fxe4 11. Nh3 Ne5 12. Ng5 Nfg4 13. Nxe4 c6 14. Nf4 Nxc4
15. Bxg7 Kxg7 16. Qd4+ Nce5 17. O-O Qe7 18. Rbc1 d5 19. Nc5 Qf6 20. Bxd5 cxd5
21. Nxd5 Nf3+ 0-1

[Event "2016 Frome Open"]
[Site "Frome ENG"]
[Date "2016.05.15"]
[Round "4.6"]
[White "de Coverly, Roger D"]
[Black "Waterfield, John W"]
[Result "1-0"]
[WhiteElo "2076"]
[BlackElo "1956"]
[PlyCount "51"]
[EventDate "2016.05.13"]

1. e4 c5 2. Nf3 d6 3. g3 Nc6 4. Bg2 g6 5. O-O Bg7 6. c3 e5 7. d3 Nf6 8. Nbd2
O-O 9. a4 Nh5 10. Nc4 f5 11. Qb3 Kh8 12. Ne3 f4 13. Nd5 g5 14. gxf4 g4 15. Ne1
exf4 16. Qd1 Ne5 17. d4 cxd4 18. cxd4 f3 19. dxe5 fxg2 20. Nxg2 Bxe5 21. f4
gxf3 22. Rxf3 Nf6 23. Bg5 Be6 24. Bxf6+ Bxf6 25. Nxf6 Rxf6 26. Qd4 1-0

[Event "2016 Frome Open"]
[Site "Frome ENG"]
[Date "2016.05.15"]
[Round "4.7"]
[White "Crockart, George N"]
[Black "Byway, Paul V"]
[Result "1/2-1/2"]
[WhiteElo "2012"]
[BlackElo "2071"]
[PlyCount "62"]
[EventDate "2016.05.13"]

1. f4 c5 2. b3 e6 3. Bb2 Nc6 4. Nf3 Nf6 5. e3 b6 6. Be2 Bb7 7. O-O Be7 8. d3
O-O 9. e4 d5 10. Bxf6 Bxf6 11. e5 Be7 12. c3 d4 13. c4 f6 14. Nbd2 fxe5 15.
Nxe5 Nxe5 16. fxe5 Rxf1+ 17. Nxf1 Qc7 18. Bf3 Rf8 19. Bxb7 Qxb7 20. Qg4 Rf5 21.
Re1 Qc7 22. Qe4 Bg5 23. g3 g6 24. h4 Bh6 25. Nh2 Be3+ 26. Kg2 Rxe5 27. Qa8+ Kg7
28. Ng4 Rf5 29. Nxe3 dxe3 30. Rxe3 Qf7 31. Rf3 Rxf3 1/2-1/2

[Event "2016 Frome Open"]
[Site "Frome ENG"]
[Date "2016.05.15"]
[Round "4.8"]
[White "Menadue, Jeremy FS"]
[Black "Clancy, Martin J"]
[Result "1/2-1/2"]
[WhiteElo "2037"]
[BlackElo "1935"]
[PlyCount "34"]
[EventDate "2016.05.13"]

1. d4 Nf6 2. c4 e6 3. Nc3 Bb4 4. Nf3 c5 5. g3 O-O 6. Bg2 d5 7. cxd5 exd5 8. O-O
Nc6 9. Bg5 Bxc3 10. bxc3 h6 11. Bxf6 Qxf6 12. Rb1 Rb8 13. Rb5 b6 14. dxc5 Ba6
15. Rb1 bxc5 16. Rxb8 Rxb8 17. Qc2 Bc4 1/2-1/2

[Event "2016 Frome Open"]
[Site "Frome ENG"]
[Date "2016.05.15"]
[Round "4.9"]
[White "Fallowfield, Jeremy R"]
[Black "Littleton, Mark"]
[Result "1-0"]
[WhiteElo "2138"]
[BlackElo "1848"]
[PlyCount "85"]
[EventDate "2016.05.13"]

1. d4 Nf6 2. c4 e6 3. Nf3 d5 4. Nc3 c6 5. Bg5 Be7 6. e3 Nbd7 7. Bd3 dxc4 8.
Bxc4 Nd5 9. Bxe7 Qxe7 10. Qe2 Nxc3 11. bxc3 c5 12. O-O O-O 13. e4 e5 14. Rad1
cxd4 15. cxd4 exd4 16. Nxd4 Nb6 17. Bb3 Bd7 18. e5 Rfe8 19. Rfe1 Rad8 20. Qe4
Be6 21. Nxe6 fxe6 22. Rd6 Qc7 23. Rxe6 Rxe6 24. Bxe6+ Kh8 25. Bb3 Nd7 26. Bc2
Nf8 27. e6 Re8 28. Bb3 a6 29. h4 Re7 30. h5 h6 31. Re3 Qc1+ 32. Kh2 Qc7+ 33. g3
Qa5 34. Qf3 Nh7 35. Rd3 Nf6 36. Rd5 Qc7 37. Rf5 Nh7 38. Rf8+ Nxf8 39. Qxf8+ Kh7
40. Qf5+ Kg8 41. Bc2 g5 42. Qg6+ Rg7 43. Qe8# 1-0

[Event "2016 Frome Open"]
[Site "Frome ENG"]
[Date "2016.05.15"]
[Round "4.10"]
[White "Turner, Joseph D"]
[Black "Onley, David E"]
[Result "0-1"]
[WhiteElo "1877"]
[BlackElo "2158"]
[PlyCount "84"]
[EventDate "2016.05.13"]

1. e4 c5 2. Nf3 e6 3. d4 cxd4 4. Nxd4 Nc6 5. Be3 Nf6 6. f3 d5 7. exd5 Nxd5 8.
Nxc6 bxc6 9. Bf2 Bd6 10. c3 Qc7 11. g3 O-O 12. Nd2 f5 13. Nc4 Be7 14. f4 Bf6
15. Bd4 Ba6 16. Ne3 Nxe3 17. Bxe3 Bxf1 18. Rxf1 Rad8 19. Qa4 Qb7 20. Qb3 Qf7
21. Rf2 Rd3 22. Bc5 Rfd8 23. Re2 R3d5 24. Bd4 h5 25. Kf1 h4 26. Rae1 R8d6 27.
Qb8+ Kh7 28. Qxa7 Rd7 29. Qa6 Bxd4 30. cxd4 Qh5 31. Kg2 h3+ 32. Kf2 Rxd4 33.
Rxe6 Rd2+ 34. R1e2 Rd1 35. Qxc6 R7d5 36. R6e5 Rf1+ 37. Kxf1 Qf3+ 38. Ke1 Qh1+
39. Kf2 Qxh2+ 40. Kf1 Qh1+ 41. Kf2 Qg2+ 42. Ke3 Qxg3# 0-1

[Event "2016 Frome Open"]
[Site "Frome ENG"]
[Date "2016.05.15"]
[Round "4.11"]
[White "Pleasants, Allan J"]
[Black "Abbott, Mark V"]
[Result "1/2-1/2"]
[WhiteElo "2043"]
[BlackElo "1855"]
[PlyCount "90"]
[EventDate "2016.05.13"]

1. e4 c5 2. d4 cxd4 3. c3 d3 4. Nf3 Nc6 5. Bxd3 d6 6. h3 g6 7. O-O Bg7 8. Na3
Nf6 9. Qe2 O-O 10. Rd1 Nd7 11. Nc4 Nde5 12. Nfxe5 Nxe5 13. Nxe5 Bxe5 14. Bh6
Bg7 15. Bxg7 Kxg7 16. e5 Qc7 17. exd6 exd6 18. Qe4 Qc5 19. Bf1 Be6 20. Qd4+
Qxd4 21. Rxd4 Rfd8 22. a3 Rac8 23. Rad1 Rc6 24. Rb4 b6 25. Be2 Kf8 26. Rbd4 Ke7
27. f4 Rc5 28. Kf2 a5 29. Bf3 Rc4 30. Rxc4 Bxc4 31. Ke3 Rb8 32. Kd4 Be6 33. Bd5
Rc8 34. c4 h5 35. b4 axb4 36. axb4 h4 37. Ra1 Rb8 38. Ra7+ Kf6 39. b5 Kf5 40.
Rc7 Kxf4 41. Rc6 Kg3 42. Bxe6 fxe6 43. Rxd6 Kxg2 44. Rxe6 Rg8 45. Re3 g5
1/2-1/2

[Event "2016 Frome Open"]
[Site "Frome ENG"]
[Date "2016.05.15"]
[Round "4.12"]
[White "Bourne, Johnathan D"]
[Black "Gregory, Andrew M"]
[Result "1/2-1/2"]
[WhiteElo "1970"]
[BlackElo "1930"]
[PlyCount "35"]
[EventDate "2016.05.13"]

1. e4 d6 2. d4 g6 3. Nc3 Bg7 4. f4 e6 5. Nf3 Ne7 6. Bd3 Nbc6 7. Ne2 Nb4 8. O-O
Nxd3 9. Qxd3 O-O 10. Be3 b6 11. Rad1 Bb7 12. Ng3 d5 13. e5 a5 14. Qd2 Qd7 15.
c3 Rfc8 16. Qf2 Ba6 17. Rfe1 Qb5 18. Bc1 1/2-1/2

[Event "2016 Frome Open"]
[Site "Frome ENG"]
[Date "2016.05.15"]
[Round "4.13"]
[White "French, Max"]
[Black "Cusick, Peter W"]
[Result "1/2-1/2"]
[WhiteElo "1923"]
[BlackElo "1955"]
[PlyCount "43"]
[EventDate "2016.05.13"]

1. d4 Nf6 2. c4 e6 3. Nf3 Bb4+ 4. Bd2 Qe7 5. g3 O-O 6. Nc3 Bxc3 7. Bxc3 Ne4 8.
Qd3 Nxc3 9. Qxc3 b6 10. Bg2 Bb7 11. O-O d6 12. Rfe1 Nd7 13. e4 e5 14. Nh4 g6
15. Bh3 Bc8 16. Nf3 f6 17. b4 a5 18. a3 Bb7 19. d5 f5 20. Qd3 f4 21. Be6+ Kg7
22. Kg2 1/2-1/2

[Event "2016 Frome Open"]
[Site "Frome ENG"]
[Date "2016.05.15"]
[Round "4.14"]
[White "Holton, Jake"]
[Black "Rodriguez, Juan T"]
[Result "0-1"]
[WhiteElo "1823"]
[BlackElo "2043"]
[PlyCount "62"]
[EventDate "2016.05.13"]

1. d4 Nf6 2. c4 e6 3. Nf3 b6 4. a3 Be7 5. Nc3 Bb7 6. d5 d6 7. e4 e5 8. Bd3 Nbd7
9. O-O O-O 10. b4 a6 11. Bc2 h6 12. Qd3 Nh7 13. Ne1 Bf6 14. Ne2 b5 15. cxb5
axb5 16. Ng3 Nb6 17. Nh5 Bh4 18. f4 g6 19. Ng3 exf4 20. Bxf4 Bf6 21. Nf3 Bxa1
22. Rxa1 Qf6 23. Nd4 Qxf4 24. Rf1 Qe5 25. Ngf5 gxf5 26. Nxf5 Nc4 27. Nxh6+ Kh8
28. Qh3 Rxa3 29. g3 Ra1 30. Bb1 Qd4+ 31. Kh1 Rxb1 0-1

[Event "2016 Frome Open"]
[Site "Frome ENG"]
[Date "2016.05.15"]
[Round "4.15"]
[White "Appleby, Stephen"]
[Black "Shapland, Roy K"]
[Result "1-0"]
[WhiteElo "1899"]
[BlackElo "2012"]
[PlyCount "37"]
[EventDate "2016.05.13"]

1. d4 Nf6 2. Nf3 e6 3. g3 b6 4. Bg2 Bb7 5. O-O c5 6. c4 cxd4 7. Nxd4 Bxg2 8.
Kxg2 Qc7 9. Qd3 Be7 10. Qf3 O-O 11. Qxa8 Nc6 12. Nb5 Qe5 13. Qb7 Qe4+ 14. Kg1
Qxc4 15. N1c3 Rb8 16. Qc7 a6 17. Na7 Ne8 18. Qf4 Qxf4 19. Bxf4 1-0

[Event "2016 Frome Open"]
[Site "Frome ENG"]
[Date "2016.05.15"]
[Round "4.16"]
[White "Hollands, George E"]
[Black "Taylor, William J"]
[Result "0-1"]
[WhiteElo "1750"]
[BlackElo "1993"]
[PlyCount "92"]
[EventDate "2016.05.13"]

1. d4 Nf6 2. c4 g6 3. g3 Bg7 4. Bg2 O-O 5. Nc3 d6 6. Nf3 Nc6 7. O-O a6 8. h3
Rb8 9. e4 b5 10. e5 Nd7 11. Ng5 Na5 12. e6 Nf6 13. exf7+ Kh8 14. cxb5 h6 15.
bxa6 c6 16. Nf3 Bxa6 17. Re1 Bc4 18. d5 Nxd5 19. Nh4 Rxf7 20. Nxg6+ Kg8 21.
Nxd5 cxd5 22. Bxd5 Bxd5 23. Qxd5 e5 24. b3 Qf6 25. Be3 Qxg6 26. Qxa5 Qe6 27.
Kg2 d5 28. Rad1 d4 29. Bc1 Qc6+ 30. Kg1 Qe6 31. Rxd4 Rbf8 32. Rd8 Rxf2 33.
Rxf8+ Rxf8 34. Bb2 Qf7 35. Qd2 Qa7+ 36. Qe3 Qxa2 37. Re2 Qb1+ 38. Qc1 Qf5 39.
Qe3 Qxh3 40. Rf2 Rxf2 41. Qxf2 Qg4 42. Qe3 Qd1+ 43. Kf2 Qc2+ 44. Qe2 Qxb3 45.
Bxe5 Qb6+ 46. Kg2 Qe6 0-1

[Event "2016 Frome Open"]
[Site "Frome ENG"]
[Date "2016.05.15"]
[Round "4.17"]
[White "McCook, Natashane"]
[Black "Fathallah, Joe"]
[Result "0-1"]
[WhiteElo "1637"]
[BlackElo "1949"]

 1. e4 e6 2. Nf3 d5 3. exd5 exd5 4. d4 Bd6 5. Bd3 Nf6 6. Bg5 O-O 7. O-O Bg4 8. Nbd2 Nbd7
 9. h3 Bh5 10. c3 c6 11. Qc2 Qc7 12. Rfe1 Rfe8 13. Bxf6 Nxf6 14. Rxe8+ Rxe8 15. Kf1 Bg6 16. Re1 Rxe1+
 17. Nxe1 Qe7 18. Bxg6 hxg6 19. b3 Nh5 20. Ndf3 Nf4 21. Qd2 Qe4 22. Qc2 Qxc2 23. Nxc2 Kf8 24. h4 Ke7
 25. g3 Ne6 26. Ke2 Kf6 27. Ne3 a5 28. Ng4+ Ke7 29. Nge5 Nf8 30. Kd3 f6 31. Ng4 Nd7 32. Ne3 f5
 33. Ng2 Nf6 34. Nd2 Ke6 35. c4 Bc7 36. Ne3 dxc4+ 37. bxc4 f4 38. gxf4 Bxf4 39. Nb3 b6 40. c5 a4
 41. Nd2 bxc5 42. dxc5 Bxe3 43. fxe3 Kd5 44. Nf3 Ne4 45. Kc2 Kxc5 46. Ne5 g5 47. hxg5 Nxg5 48. a3 Ne4
 49. Kd3 Nd6 50. Nd7+ Kb5 51. e4 Nc4 52. e5 Nxa3 53. e6 Nc4 54. e7 Nd6 55. Kc3 c5 56. Ne5 g5
 57. Nc4 Ne8 58. Na3+ Kc6 59. Nc4 Nf6 60. Ne3 Kd7 61. Kb2 Kxe7 62. Ka3 Ke6 63. Kxa4 Kd6 64. Kb5 g4
 65. Kc4 Kc6 66. Nf5 Ne4 67. Ne3 Nf2 68. Ng2 Kd6 69. Ne3 Kc6 70. Ng2 g3 71. Nf4 Kd6 72. Ng2 Ne4
 73. Kd3 Ke5 74. Kc4 Nd2+ 75. Kxc5 Ke4 76. Nh4 Nf1 77. Kc4 Ne3+ 78. Kc3 Kf4 79. Kd3 Kg4 80. Ng6 g2
 81. Ne5+ Kg3 82. Kxe3 g1=Q+ 83. Ke4 Qe1+ 84. Kd5 Qd2+ 85. Kc5 Kf4 86. Nc4 Qd8 87. Kb4 Ke4 0-1

[Event "2016 Frome Open"]
[Site "Frome ENG"]
[Date "2016.05.15"]
[Round "4.18"]
[White "Bartlett, Simon"]
[Black "Misyura, Ilya"]
[Result "1/2-1/2"]
[WhiteElo "1945"]
[BlackElo "1902"]
[PlyCount "57"]
[EventDate "2016.05.13"]

1. e4 e6 2. d4 d5 3. Nd2 Nf6 4. e5 Nfd7 5. Bd3 c5 6. c3 Nc6 7. Ne2 cxd4 8. cxd4
f6 9. exf6 Qxf6 10. Nf3 h6 11. O-O Bd6 12. Be3 O-O 13. Rc1 a6 14. Bb1 Rd8 15.
Ng3 Nf8 16. a3 Bd7 17. Qd2 Be8 18. h3 a5 19. Nh2 a4 20. Ng4 Qe7 21. f4 Na5 22.
Ba2 b5 23. Ne5 Nc4 24. Qe2 Ng6 25. Bxc4 bxc4 26. Qg4 Bxe5 27. fxe5 Kh7 28. Bd2
Qh4 29. Qxh4 1/2-1/2

[Event "2016 Frome Open"]
[Site "Frome ENG"]
[Date "2016.05.15"]
[Round "4.19"]
[White "Jackson, Paul G"]
[Black "Hickman, John E"]
[Result "0-1"]
[WhiteElo "1917"]
[BlackElo "1900"]
[PlyCount "112"]
[EventDate "2016.05.13"]

1. d4 d6 2. e4 Nf6 3. f3 Nbd7 4. c4 e5 5. d5 Be7 6. Be3 O-O 7. Nc3 c6 8. Nh3 a5
9. Qd2 Nc5 10. Nf2 Ne8 11. g4 h6 12. h4 Bxh4 13. O-O-O Bg5 14. Nh3 Bxe3 15.
Qxe3 Nc7 16. Be2 cxd5 17. cxd5 Bd7 18. Rdg1 b5 19. g5 b4 20. Nd1 Nb5 21. gxh6
g6 22. Bxb5 Bxb5 23. Ndf2 Rc8 24. Kb1 Qc7 25. h7+ Kh8 26. f4 Nd3 27. Nxd3 Qc2+
28. Ka1 Qxd3 29. Qxd3 Bxd3 30. Nf2 Bc2 31. fxe5 dxe5 32. b3 Rc3 33. Rc1 a4 34.
bxa4 Bxa4 35. Rxc3 bxc3 36. Nd3 Bc2 37. Nf2 Rb8 38. Rc1 Rb2 39. Nd1 Bxd1 40.
Rxd1 Rd2 41. Rc1 Rd3 42. Kb1 f5 43. exf5 gxf5 44. a4 Rxd5 45. Rxc3 Kxh7 46. Kc2
Kg6 47. Rd3 Ra5 48. Kb3 e4 49. Rd6+ Kg5 50. Kb4 Ra8 51. Kb5 f4 52. a5 f3 53.
Rd5+ Kf4 54. Kb6 f2 55. Rd7 Ke3 56. Rf7 Ke2 0-1

[Event "2016 Frome Open"]
[Site "Frome ENG"]
[Date "2016.05.15"]
[Round "4.20"]
[White "Snook-Lumb, Chris"]
[Black "Schmitz, Manuela"]
[Result "1-0"]
[WhiteElo "1748"]
[BlackElo "1903"]
[PlyCount "57"]
[EventDate "2016.05.13"]

1. c4 e6 2. g3 Nf6 3. Bg2 Be7 4. Nf3 d5 5. d4 O-O 6. b3 b6 7. Bb2 Bb7 8. Ne5
Bb4+ 9. Bc3 Bd6 10. f4 Ne4 11. O-O c5 12. e3 dxc4 13. bxc4 Nxc3 14. Nxc3 Bxg2
15. Kxg2 Nd7 16. Qf3 cxd4 17. Nc6 Qe8 18. Nb5 Bb8 19. Ncxd4 a6 20. Qxa8 axb5
21. cxb5 Qe7 22. Qb7 Qd6 23. Rfd1 Nc5 24. Qc6 Qe7 25. Qxb6 Na4 26. Nc6 Qa3 27.
Qd4 Nb2 28. Rd2 e5 29. fxe5 1-0

[Event "2016 Frome Open"]
[Site "Frome ENG"]
[Date "2016.05.15"]
[Round "5.1"]
[White "Kett, Timothy J"]
[Black "Buckley, David E"]
[Result "0-1"]
[WhiteElo "2184"]
[BlackElo "2276"]
[PlyCount "80"]
[EventDate "2016.05.13"]

1. e4 e6 2. d4 d5 3. Nc3 Nf6 4. e5 Nfd7 5. f4 c5 6. Nf3 Nc6 7. Be3 Be7 8. Qd2
O-O 9. dxc5 Bxc5 10. Bxc5 Nxc5 11. O-O-O Qa5 12. Kb1 Bd7 13. Bd3 Rac8 14. f5
exf5 15. Nxd5 Qxd2 16. Rxd2 Rfe8 17. Re1 Be6 18. Nf4 Nxd3 19. cxd3 Nb4 20. Nxe6
fxe6 21. a3 Nd5 22. Rc1 Rxc1+ 23. Kxc1 Rc8+ 24. Kb1 Kf7 25. Ng5+ Ke7 26. Nxh7
Rh8 27. Ng5 Rxh2 28. Nf3 Rh6 29. Rc2 Kd7 30. Nd4 Rh1+ 31. Ka2 Rd1 32. Nb3 b6
33. Nd4 Rxd3 34. Nc6 Nc3+ 35. Kb3 Kxc6 36. Kc4 Rd5 37. bxc3 Rxe5 38. Rd2 Rd5
39. Re2 e5 40. g4 f4 0-1

[Event "2016 Frome Open"]
[Site "Frome ENG"]
[Date "2016.05.15"]
[Round "5.2"]
[White "Richmond, Jane"]
[Black "de Coverly, Roger D"]
[Result "1-0"]
[WhiteElo "2123"]
[BlackElo "2076"]
[PlyCount "141"]
[EventDate "2016.05.13"]

1. d4 Nf6 2. Nc3 g6 3. e4 d6 4. Be3 Bg7 5. Qd2 Ng4 6. Bg5 h6 7. Bh4 g5 8. Bg3
e5 9. dxe5 Nxe5 10. h4 Nbc6 11. hxg5 hxg5 12. Rxh8+ Bxh8 13. Nd5 Be6 14. O-O-O
Ng6 15. Ne2 Bxd5 16. exd5 Qf6 17. Qe3+ Nce7 18. Nd4 Kf8 19. Qb3 Rb8 20. c3 Nf4
21. Nb5 c6 22. Nxa7 cxd5 23. Nb5 Nc6 24. Kb1 d4 25. cxd4 Re8 26. a3 Rd8 27. Qf3
d5 28. Bxf4 gxf4 29. g3 fxg3 30. Qxf6 Bxf6 31. fxg3 Kg7 32. Kc2 Rh8 33. Kd3 Rh1
34. Ke3 Rh2 35. b4 Rb2 36. Bd3 Rg2 37. Kf3 Rh2 38. Bf5 Rb2 39. Bc8 Nd8 40. Re1
Rc2 41. Bf5 Rh2 42. Bd7 Ra2 43. Rc1 Rd2 44. Rc8 Rd3+ 45. Kf4 Nc6 46. Bxc6 bxc6
47. Rxc6 Bxd4 48. Nxd4 Rxd4+ 49. Ke3 Rd1 50. a4 d4+ 51. Ke2 Ra1 52. a5 Ra3 53.
Rd6 Rxg3 54. a6 Ra3 55. b5 Ra5 56. Rd5 Kf6 57. Kd3 Ke6 58. Kxd4 f5 59. Re5+ Kf6
60. Rc5 Kg5 61. Kd5 Kg4 62. Kc6 f4 63. Kb6 Ra2 64. Rc4 Kg3 65. Kb7 f3 66. Rc3
Kg2 67. Rxf3 Kxf3 68. a7 Ke4 69. a8=Q Rxa8 70. Kxa8 Kd5 71. b6 1-0

[Event "2016 Frome Open"]
[Site "Frome ENG"]
[Date "2016.05.15"]
[Round "5.3"]
[White "Harman, Kenneth B"]
[Black "Payne, Matthew J"]
[Result "0-1"]
[WhiteElo "2166"]
[BlackElo "2023"]
[PlyCount "104"]
[EventDate "2016.05.13"]

1. Nf3 Nf6 2. c4 g6 3. d4 Bg7 4. Nc3 d6 5. g3 O-O 6. Bg2 Nbd7 7. O-O e5 8. e4
exd4 9. Nxd4 Re8 10. Re1 a6 11. b3 c5 12. Nc2 Ne5 13. Bb2 Be6 14. h3 Qd7 15.
Kh2 Rab8 16. f4 Nc6 17. Nd5 Ng4+ 18. hxg4 Bxb2 19. f5 Bxd5 20. cxd5 Nd4 21.
Nxd4 Bxd4 22. Rc1 Qe7 23. Bf3 Qg5 24. Kg2 Re7 25. Rc2 Rbe8 26. Rce2 h5 27. gxh5
Be5 28. Rc2 Bxg3 29. Rg1 gxf5 30. Kf1 Kh8 31. Rcg2 f4 32. Qd2 Qe5 33. Re2 Rg8
34. Qb2 Qxb2 35. Rxb2 f5 36. Re2 fxe4 37. Rxe4 Rxe4 38. Bxe4 Re8 39. Bf3 Kg7
40. Kg2 Re3 41. Rc1 b5 42. Rc2 Kf6 43. Re2 Rxe2+ 44. Bxe2 Ke5 45. h6 Bh4 46. h7
Bf6 47. Bf3 c4 48. Kf2 Kd4 49. Ke1 Ke3 50. Bd1 f3 51. Kf1 c3 52. Bc2 Kd2 0-1

[Event "2016 Frome Open"]
[Site "Frome ENG"]
[Date "2016.05.15"]
[Round "5.4"]
[White "Onley, David E"]
[Black "Martin, Lewis"]
[Result "1-0"]
[WhiteElo "2158"]
[BlackElo "2045"]
[PlyCount "35"]
[EventDate "2016.05.13"]

1. e4 c5 2. Nf3 d6 3. d4 cxd4 4. Nxd4 Nf6 5. Nc3 a6 6. g4 Bxg4 7. f3 Bd7 8. Be3
e5 9. Nde2 Nc6 10. Qd2 Qa5 11. O-O-O O-O-O 12. Kb1 d5 13. Nxd5 Nxd5 14. exd5
Bb4 15. c3 Be6 16. cxb4 Bf5+ 17. Ka1 Nxb4 18. Rc1+ 1-0

[Event "2016 Frome Open"]
[Site "Frome ENG"]
[Date "2016.05.15"]
[Round "5.5"]
[White "Schmitz, Andreas Arnold"]
[Black "Fallowfield, Jeremy R"]
[Result "1/2-1/2"]
[WhiteElo "2024"]
[BlackElo "2138"]
[PlyCount "44"]
[EventDate "2016.05.13"]

1. e4 c5 2. c3 d5 3. exd5 Nf6 4. d4 Nxd5 5. dxc5 e6 6. c4 Nb4 7. a3 Qxd1+ 8.
Kxd1 N4c6 9. Be3 Nd7 10. Nc3 Bxc5 11. Bxc5 Nxc5 12. b4 Nd7 13. Nf3 b6 14. Bd3
Bb7 15. Nb5 Ke7 16. Re1 Rhd8 17. Kc2 Rac8 18. Rad1 Nf6 19. Rd2 a6 20. Nc3 Nd4+
21. Nxd4 Rxd4 22. Bf1 Rxd2+ 1/2-1/2

[Event "2016 Frome Open"]
[Site "Frome ENG"]
[Date "2016.05.15"]
[Round "5.6"]
[White "Clancy, Martin J"]
[Black "Crockart, Scott A"]
[Result "0-1"]
[WhiteElo "1935"]
[BlackElo "2100"]
[PlyCount "56"]
[EventDate "2016.05.13"]

1. e4 c5 2. d4 cxd4 3. c3 Nf6 4. e5 Nd5 5. Bc4 e6 6. Nf3 Nc6 7. O-O d6 8. cxd4
Be7 9. Qe2 O-O 10. a3 Qb6 11. Nc3 Nxd4 12. Nxd4 Qxd4 13. exd6 Nxc3 14. bxc3
Qxd6 15. Rd1 Qc7 16. Be3 Bf6 17. Bd4 e5 18. Be3 Bf5 19. g4 Bd7 20. g5 Be7 21.
h4 Rac8 22. Ba2 Bc6 23. g6 hxg6 24. Qg4 Kh8 25. Kh2 Rcd8 26. Rxd8 Qxd8 27. Rd1
f5 28. Qxg6 Qxd1 0-1

[Event "2016 Frome Open"]
[Site "Frome ENG"]
[Date "2016.05.15"]
[Round "5.7"]
[White "Byway, Paul V"]
[Black "Menadue, Jeremy FS"]
[Result "1/2-1/2"]
[WhiteElo "2071"]
[BlackElo "2037"]
[PlyCount "43"]
[EventDate "2016.05.13"]

1. Nf3 d5 2. e3 Nf6 3. c4 c6 4. Nc3 e6 5. b3 Nbd7 6. d4 Bd6 7. Bb2 O-O 8. Bd3
Re8 9. O-O dxc4 10. Bxc4 b5 11. Bd3 a6 12. Ne4 Bc7 13. Ne5 Bb7 14. Ng5 Re7 15.
Qc2 h6 16. Bh7+ Kf8 17. Ngxf7 Rxf7 18. Ba3+ c5 19. Nxf7 Kxf7 20. Bg6+ Kg8 21.
dxc5 Bc6 22. f4 1/2-1/2

[Event "2016 Frome Open"]
[Site "Frome ENG"]
[Date "2016.05.15"]
[Round "5.8"]
[White "Orgler, Philipp"]
[Black "Crockart, George N"]
[Result "0-1"]
[WhiteElo "2132"]
[BlackElo "2012"]
[PlyCount "52"]
[EventDate "2016.05.13"]

1. d4 f5 2. Nc3 Nf6 3. Bg5 e6 4. e4 fxe4 5. Nxe4 Be7 6. Bxf6 Bxf6 7. Qh5+ g6 8.
Qh6 Nc6 9. Nf3 b6 10. c3 Bb7 11. Bd3 Qe7 12. Nxf6+ Qxf6 13. Qg5 O-O 14. Qxf6
Rxf6 15. Ne5 d6 16. Nxc6 Bxc6 17. O-O Re8 18. Rfe1 Kf7 19. b4 g5 20. b5 Bb7 21.
a4 e5 22. a5 Rfe6 23. axb6 axb6 24. Ra7 Rb8 25. Be4 exd4 26. f3 d5 0-1

[Event "2016 Frome Open"]
[Site "Frome ENG"]
[Date "2016.05.15"]
[Round "5.9"]
[White "Cusick, Peter W"]
[Black "Pleasants, Allan J"]
[Result "1/2-1/2"]
[WhiteElo "1955"]
[BlackElo "2043"]
[PlyCount "24"]
[EventDate "2016.05.13"]

1. d4 Nf6 2. Bg5 Ne4 3. Bf4 d5 4. e3 e6 5. Bd3 Nd6 6. Nd2 Nd7 7. Ngf3 Be7 8. c3
c5 9. O-O c4 10. Bc2 f5 11. b3 cxb3 12. axb3 O-O 1/2-1/2

[Event "2016 Frome Open"]
[Site "Frome ENG"]
[Date "2016.05.15"]
[Round "5.10"]
[White "Rodriguez, Juan T"]
[Black "Fathallah, Joe"]
[Result "0-1"]
[WhiteElo "2043"]
[BlackElo "1949"]
[PlyCount "108"]
[EventDate "2016.05.13"]

1. e4 e6 2. d4 d5 3. Nc3 Nf6 4. Bg5 Be7 5. e5 Nfd7 6. h4 a6 7. Qg4 Bxg5 8. hxg5
c5 9. Nf3 Nc6 10. Qf4 Qe7 11. O-O-O c4 12. Nh4 b5 13. Nxd5 exd5 14. Nf5 Qf8 15.
Nd6+ Ke7 16. g3 Nd8 17. Bh3 Ne6 18. Qh4 g6 19. f4 Nb6 20. f5 Nc7 21. Rhf1 Ne8
22. Nxf7 Qxf7 23. e6 Qf8 24. f6+ Kd6 25. Rde1 Nc7 26. Qf4+ Kc6 27. f7 Bxe6 28.
Qf6 Nd7 29. Rxe6+ Kb7 30. Qf3 Nxe6 31. Qxd5+ Kc7 32. Bxe6 Qd6 33. Qe4 Rhf8 34.
Rf4 Rad8 35. Qe1 Nb6 36. c3 Qe7 37. Qe5+ Kb7 38. Rf6 Ka7 39. d5 Rxd5 40. Qe3
Rd3 41. Qf2 Qd6 42. Bxc4 Rd1+ 43. Kc2 Rd2+ 44. Qxd2 Qxd2+ 45. Kxd2 Nxc4+ 46.
Kd3 Ne5+ 47. Ke4 Nxf7 48. Kf4 Nd8 49. Ke5 Rf7 50. Kd6 Kb7 51. b3 h6 52. Rxg6
hxg5 53. Rxg5 Rf2 54. a4 Nf7+ 0-1

[Event "2016 Frome Open"]
[Site "Frome ENG"]
[Date "2016.05.15"]
[Round "5.11"]
[White "Gregory, Andrew M"]
[Black "Paterson, Andrew I"]
[Result "1/2-1/2"]
[WhiteElo "1930"]
[BlackElo "2016"]
[PlyCount "78"]
[EventDate "2016.05.13"]

1. g3 g6 2. Bg2 Bg7 3. c3 c5 4. e3 e5 5. Ne2 Nc6 6. O-O Nge7 7. d4 cxd4 8. exd4
exd4 9. Nxd4 Nxd4 10. cxd4 O-O 11. d5 d6 12. Nc3 Bf5 13. Qb3 Qd7 14. Re1 Rac8
15. Bg5 Rfe8 16. Be3 a6 17. Rac1 b5 18. Ne2 Rxc1 19. Rxc1 Rc8 20. Rxc8+ Qxc8
21. Bg5 Qc7 22. Nc3 h6 23. Bf4 g5 24. Bd2 Bd3 25. h4 gxh4 26. gxh4 Bc4 27. Qd1
b4 28. Ne4 Nxd5 29. Qg4 Bxa2 30. Bxh6 f5 31. Qxg7+ Qxg7 32. Bxg7 fxe4 33. Bd4
Nf4 34. Bf1 a5 35. Bb6 a4 36. Bc7 Nd3 37. Bxd6 b3 38. Bxd3 exd3 39. Kf1 Kg7
1/2-1/2